000 00816nas a2200229 4500
001 BR8500534
003 BR-BrBNA
005 20231205090106.0
007 ta
008 230509b bl.|||p| |||| 00| 00por d
040 _aBR-BrBNA
_bpor
_cBiblioteca Nacional de Agricultura
041 _a(Pt)
072 _aQ20
100 1 _aBonassi, I.A.
245 1 _aMetodos atuais e modernos para analise do leite e derivados [contaminacao bacteriana]
246 1 _aCurrent and modern methods for milk and milk byproduct analyses [bacterial contamination]
650 _aLEITE
650 _aCONTAMINACAO BACTERIANA
773 0 _tRevista do Instituto de Laticinios Candido Tostes (Brazil)
_xISSN 0100-3674
_g(Sep-Oct 1984), v. 39(235) p. 17-22
_wBR8500534
909 _a202311
_bLúcia
_c55
_dLúcia Elande
942 _2AGRIS
_n0
_cANA
999 _c116096
_d116096